01188cam a2200313 i 45000010008000000030009000080050017000170080041000340200018000750400039000930820020001321000047001522450142001992500019003412640052003602640010004123000047004223360026004693370028004953380027005235040051005506500042006016510010006436530034006536550017006879420012007049990017007169520141007334964107EG-ScBUE20241009091418.0970902t1998 caua f b 001 0 eng d a9780127843964 aDLCbengerdacDLCdDLCdEG-ScBUE 04a515.35222bZWI1 aZwillinger, Daniel,d1957-eauthor.93910110aHandbook of differential equations /cDaniel Zwillinger, Department of mathematical sciences, Rensselaer Polytechnic Institute, Troy, NY. aThird edition. 1aSan Diego :bAcademic Press / Elsevier,c[1998] 4cc1998 axxiii, 801 pages :billustrations ;c24 cm 2rdacontentatextbtxt 2rdamediaaunmediatedbn 2rdacarrieravolumebnc aIncludes bibliographical references and index. 7aDifferential equations.2BUEsh937976 2BUEsh bENGELCcJuly2015cJanuary2016 vReading book 2ddccBB c20165d20137 00102ddc40708BaccahaMAINbMAINc1STd2015-07-05ePurchaseg610.00h22696l0o515.35 ZWIp000039237r2025-07-15 00:00:00v770.00yBB